La responsabilidad de los representantes en la quiebra de las sociedades

Saved in:
書目詳細資料
主要作者: Vásquez Ubeda, Guillermo (Author)
格式: 圖書
語言:西班牙语
出版: s.l Samver 1969
主題:
標簽: 添加標簽
沒有標簽, 成為第一個標記此記錄!

MARC

LEADER 00000nam a2200000 a 4500
001 UCS2282
003 CL-VaPUC
008 970523e19690000ag |||||||||||||||||spa|d
082 0 4 |a 346.078  |b VAS  |2 21 
100 0 |a Vásquez Ubeda, Guillermo  |e author  |9 387546 
245 1 3 |a La responsabilidad de los representantes en la quiebra de las sociedades 
300 |a 84 p 
942 |c BK 
945 |d 19970523 00:00:00  |a cmena 
260 |a s.l  |b Samver  |c 1969 
650 0 |a Derecho comercial   |9 256340 
650 7 |a RESPONSABILIDAD CIVIL  |2 CL-VaPUC  |9 387547 
650 0 |a Quiebra  |9 255386 
650 0 |a Sociedades comerciales   |9 257290 
650 0 |a Responsabilidad penal  |9 254899 
650 0 |a Responsabilidad jurídica  |9 387548 
650 0 |a Jurisprudencia  |9 255952 
650 7 |a SOCIEDADES CIVILES  |2 CL-VaPUC  |9 351741 
583 |a last modification  |c 20171212 05:42:55  |k Rodrigo Vera 
999 |c 260255  |d 260253 
952 |0 0  |1 0  |2 ddc  |4 0  |6 346_078000000000000_VAS_1969  |7 0  |8 A  |9 286194  |a BIBDER  |b BIBDER  |d 2019-11-19  |i 1858920  |o 346.078 VAS 1969  |p 1858920  |r 2023-01-25  |w 2019-11-19  |y MX  |k DER 
952 |0 0  |1 0  |2 ddc  |4 0  |6 346_078000000000000_VAS_1969  |7 0  |8 A  |9 286195  |a BIBDER  |b BIBDER  |d 2019-11-19  |i 1858939  |o 346.078 VAS 1969  |p 1858939  |r 2023-01-25  |w 2019-11-19  |y MX  |k DER